000
00256 a2200097 4500
001
32894
100
_a
Nawazish Ali Shah
245
_a
Vector and tensor analysis for Scientists and Engineers
260
_a
Lahore
_b
A-One Publisher
_c
090
_c
22046
_d
22046
942
_a
NUST-CAE
_c
M
_c
13388
999
_c
267967
_d
267967